Statistics for Team 8.G HVS

Click here to take the quiz!

General Stats

  • This quiz has been taken 7 times
  • The average score is 24 of 45

Answer Stats

Svar% Correct
Andreas
100%
Ella
100%
Johannes
100%
Julius
100%
Karl
100%
Klara
100%
Max
100%
William
100%
Alma
67%
Ida
67%
Kirstine
67%
Laurits
67%
Lukas
67%
Maja
67%
Martin
67%
Nicolai
67%
Peter
67%
Sebastian
67%
Steffen
67%
Vigga
67%
Adam
33%
Ahmed
33%
Biologi
33%
Camilla
33%
Cecilia
33%
Dansk
33%
Engelsk
33%
Fransk
33%
Fysik Kemi
33%
Geografi
33%
Historie
33%
Idræt
33%
Karen
33%
Karen
33%
Klassemøde
33%
Kristendom
33%
Linjefag
33%
Matematik
33%
Samfundsfag
33%
Søren
33%
Søren
33%
Steen
33%
Tysk
33%
Valgfag
33%
Zara
33%

Score Distribution

Percentile by Number Answered

Percent of People with Each Score

Your Score History

You have not taken this quiz